Finančná kontrola v podmienkach samosprávy

Finančná kontrola je súhrn činností, zabezpečujúcich overovanie hospodárnosti, efektívnosti, účinnosti a účelnosti finančných operácií, alebo ich častí pred ich uskutočnením, v ich priebehu a až do ich konečného vysporiadania, zúčtovania, dosiahnutia a udržania výsledkov a cieľov finančných operácií...

Descripción completa

Guardado en:
Detalles Bibliográficos
Autor principal: Macháčová, Tatiana
Formato: Capítulo de libro
Lenguaje:eslovaco
Materias:
Etiquetas: Agregar Etiqueta
Sin Etiquetas, Sea el primero en etiquetar este registro!

MARC

LEADER 00000naa a2200000 4500
001 0296800
005 20240417075250.7
041 0 |a slo 
044 |a SK 
245 1 0 |a Finančná kontrola v podmienkach samosprávy  |c Tatiana Macháčová 
520 |a Finančná kontrola je súhrn činností, zabezpečujúcich overovanie hospodárnosti, efektívnosti, účinnosti a účelnosti finančných operácií, alebo ich častí pred ich uskutočnením, v ich priebehu a až do ich konečného vysporiadania, zúčtovania, dosiahnutia a udržania výsledkov a cieľov finančných operácií, alebo ich častí. Pojem finančná operácia a základná finančná kontrola. 
610 2 0 |a kontrola finančná 
610 2 0 |a samospráva 
610 2 0 |a samospráva miestna 
610 2 0 |a samospráva regionálna 
610 2 0 |a operácie účtovné 
610 2 0 |a financie 
100 1 |a Macháčová, Tatiana